| 000 | 00524nam a2200181 a 4500 | ||
|---|---|---|---|
| 001 | 7071 | ||
| 003 | CO-ViMGA | ||
| 008 | 141112s2004 ck r 000 u spa d | ||
| 040 |
_aCO-ViMGA _bspa _cCO-ViMGA |
||
| 082 | 0 | 4 | _a364.26 C656h |
| 100 | 1 |
_aColombia. Constitución _948785 |
|
| 245 | 1 | 0 |
_aConstitución política y derecho de huelga / _cObregón Sabogal Orlando y otros |
| 260 |
_aBogotá : _bFescol, _c1996 |
||
| 300 | _a113 p | ||
| 650 | 1 | 4 |
_aCONSTITUCION COLOMBIANA _96198 |
| 650 | 1 | 4 |
_aHUELGAS _96153 |
| 942 |
_2ddc _cBK |
||
| 999 |
_c19036 _d19036 |
||